| 000 | 00412nam a2200181Ia 4500 | ||
|---|---|---|---|
| 005 | 20250423101440.0 | ||
| 008 | 250422s9999 xx 000 0 und d | ||
| 020 | _a0385477163 | ||
| 050 | _aPS 3558 .O34 .S73/ | ||
| 100 | _aHogan, Chuck | ||
| 245 | 4 | _aThe standoff | |
| 260 | _aNew York | ||
| 260 | _bDoubleday | ||
| 260 | _c1995 | ||
| 300 | _a306 p | ||
| 650 | _aCriminals_Montana_Fiction | ||
| 942 | _cBK | ||
| 999 |
_c36329 _d36329 |
||